Multimedia--production, planning, and delivery / (Record no. 176637)

000 -LEADER
fixed length control field 01230 a2200205 4500
003 - CONTROL NUMBER IDENTIFIER
control field NUST
005 - DATE AND TIME OF LATEST TRANSACTION
control field 20221205145349.0
010 ## - LIBRARY OF CONGRESS CONTROL NUMBER
LC control number 96069865
020 ## - INTERNATIONAL STANDARD BOOK NUMBER
International Standard Book Number 1575765578
040 ## - CATALOGING SOURCE
Transcribing agency Nust
082 00 - DEWEY DECIMAL CLASSIFICATION NUMBER
Classification number 070.5797,VIL
100 1# - MAIN ENTRY--PERSONAL NAME
Personal name Villamil-Casanova, John.
9 (RLIN) 104158
245 10 - TITLE STATEMENT
Title Multimedia--production, planning, and delivery /
Statement of responsibility, etc. John Villamil and Louis Molina.
260 ## - PUBLICATION, DISTRIBUTION, ETC.
Place of publication, distribution, etc. Indianapolis, IN :
Name of publisher, distributor, etc. Que E&T,
Date of publication, distribution, etc. c1997.
300 ## - PHYSICAL DESCRIPTION
Extent x, 148 p. :
Other physical details col. ill. ;
Dimensions 28 cm. +
Accompanying material 1 computer laser optical disc (4 3/4 in.)
505 ## - FORMATTED CONTENTS NOTE
Formatted contents note Introduction (Page-1), The Production Of Multimedia Computer Based Applications(Page-5), Planning The Components Of A Multimedia Application (Page-17), Multimedia Application Planning , Costing , Proposal Preparation , And Financing (Page-33), Multimedia Production Legal Issues (Page-47), Preparing For Production (Page-61), Managing The Production Process (Page-79), Planning And Managing Content Acquisition (Page-89), Product Testing, Revision, And Documentation (Page-97), Packaging And Distributing A Multimedia Application (Page-109), Planning The Application Presentation (Page-123).
650 #0 - SUBJECT ADDED ENTRY--TOPICAL TERM
Topical term or geographic name entry element Multimedia systems.
9 (RLIN) 36511
700 1# - ADDED ENTRY--PERSONAL NAME
Personal name Molina, Louis.
9 (RLIN) 104159
942 ## - ADDED ENTRY ELEMENTS (KOHA)
Source of classification or shelving scheme
Koha item type Book
Call number prefix 070.5797,VIL
Holdings
Withdrawn status Lost status Source of classification or shelving scheme Damaged status Not for loan Permanent Location Current Location Shelving location Date acquired Full call number Barcode Date last seen Price effective from Koha item type Public note
          Military College of Signals (MCS) Military College of Signals (MCS) General Stacks 12/12/2016 070.5797,VIL MCS27020 12/08/2016 12/12/2016 Book Almirah No.46, Shelf No.1
© 2023 Central Library, National University of Sciences and Technology. All Rights Reserved.